| 000 | 01240cam a22003254a 4500 | ||
|---|---|---|---|
| 001 | 12419012 | ||
| 003 | GBCCL | ||
| 005 | 20251107133445.0 | ||
| 008 | 010523s2001 caua b 000 0 eng | ||
| 020 |
_a0878083839 _qalk. paper |
||
| 020 |
_a9780878083831 _q(alk. paper) |
||
| 035 | _a12419012 | ||
| 040 |
_aDLC _cDLC _dDLC |
||
| 082 | 0 | 0 |
_a266 _221 _bCAR 1 |
| 245 | 0 | 0 |
_aCaring for the harvest force in the new millennium / _cTom A. Steffen, F. Douglas P. Pennoyer, eds. |
| 260 |
_aPasadena, Calif. : _bWilliam Carey Library, _cc2001. |
||
| 300 |
_a261 p. : _bill. ; _c22 cm. |
||
| 336 |
_atext _btxt _2rdacontent |
||
| 337 |
_aunmediated _bn _2rdamedia |
||
| 338 |
_avolume _bnc _2rdacarrier |
||
| 440 | 0 |
_aEvangelical Missiological Society series ; _vno. 9 |
|
| 504 | _aIncludes bibliographical references (p. [243]-258). | ||
| 650 | 0 |
_aMissions _xTheory. |
|
| 700 | 1 |
_aSteffen, Tom A., _d1947- |
|
| 700 | 1 | _aPennoyer, Fredrick Douglas. | |
| 906 |
_a7 _bcbc _corignew _d1 _eocip _f20 _gy-gencatlg |
||
| 942 |
_2ddc _cBK _n0 |
||
| 999 |
_c10995 _d10995 |
||